Statistics for Top 50 Rated Anime on MyAnimeList

Click here to take the quiz!

General Stats

  • This quiz has been taken 94 times
  • The average score is 18 of 50

Answer Stats

RankScorePopularityYearAnswer% Correct
508.72191999One Piece
85%
378.79352020Attack on Titan: Final Season
82%
428.771032022Attack on Titan: Final Season Part 2
82%
188.923452023Attack on Titan: Final Season - The Final Chapters
82%
59.05212019Attack on Titan Season 3 Part 2
82%
268.862052023Jujutsu Kaisen Season 2
73%
89.034182022Bleach: Thousand Year Blood War
69%
29.0932009Fullmetal Alchemist: Brotherhood
68%
438.76902021Demon Slayer: Kimetsu no Yaiba Entertainment District Arc
65%
79.04102011Hunter x Hunter (2011)
55%
39.07132011Steins;Gate
45%
158.941392006Gintama
40%
119.027352012Gintama: Enchousen
40%
99.033942011Gintama Season 2
40%
49.063382015Gintama Season 4
40%
148.987572017Gintama Season 5
40%
338.8111342018Gintama.: Silver Soul Arc
40%
228.8812022018Gintama.: Silver Soul Arc - Second Half War
40%
69.0415402021Gintama: The Final
40%
218.919962013Gintama: The Movie: The Final Chapter: Be Forever Yorozuya
40%
208.91462008Code Geass: Lelouch of the Rebellion Season 2
37%
458.75431998Cowboy Bebop
36%
19.143952023Sousou no Frieren
35%
398.781172016Haikyuu!! Season 3
33%
278.84112016Your Name.
33%
468.75782019Vinland Saga
32%
318.813742023Vinland Saga Season 2
32%
358.799622022Kaguya-sama: Love is War - The First Kiss That Never Ends
29%
129.021832022Kaguya-Sama: Love is War - Ultra Romantic
29%
138.984772021Fruits Basket: The Final Season
28%
368.79732019Mob Psycho 100 Season 2
27%
418.77442001Spirited Away
27%
238.881342004Monster
26%
178.93202016A Silent Voice
22%
408.773692000Hajime No Ippo
21%
258.873592020Violet Evergarden: The Movie
21%
348.804042022Bocchi the Rock!
18%
308.8136432022Slam Dunk: The First Slam Dunk
17%
168.931182008Clannad: After Story
15%
298.8220492020Kingdom Season 3
15%
478.7427552022Kingdom Season 4
15%
488.7343022024Kingdom Season 5
15%
109.027441988Legend of the Galactic Heroes
15%
388.784852017Kizumonogatari Part 3: Cold-Blooded
14%
448.763012013Monogatari Series Season 2
14%
248.875722017Owarimonogatari Season 2
14%
198.925672017March Comes In Like a Lion Season 2
12%
498.739032014Mushi-shi: Next Passage Part 2
12%
288.838242023The Apothecary Diaries
10%
328.8117852024The Dangers in My Heart Season 2
6%

Score Distribution

Percentile by Number Answered

Percent of People with Each Score

Your Score History

You have not taken this quiz